| 000 | 01175nam a22002537i 4500 | ||
|---|---|---|---|
| 003 | URS | ||
| 005 | 20250325012934.0 | ||
| 008 | 190228b ||||| |||| 00| 0 eng d | ||
| 040 |
_beng _erda _cURS Pililla Library |
||
| 082 | 0 | 0 | _bT BSE SS1 2014 |
| 100 | 1 |
_aBarcoma, Albert B. _eresearcher |
|
| 245 | 1 | 0 |
_aDeveloped computer-aided instructional materials in Rizal's life, works and writings by the college instructors of University of Rizal System, academic year 2013-2014/ _cAlbert B. Barcoma, Jhonric M. Lugtu, Charlton S.J. Pepano. |
| 300 |
_axvi, 123 leaves; _c28 cm. |
||
| 336 |
_atext _btxt _2rdacontent |
||
| 337 |
_aunmediated _bn _2rdamedia |
||
| 338 |
_avolume _bnc _2rdacarrier |
||
| 502 |
_aThesis _bBachelor of Secondary Education Major in Social Studies _cUniversity of Rizal System Pililla |
||
| 700 | 1 |
_aCatapusan, Edna A. _eadviser |
|
| 700 | 1 |
_aLugtu, Jhonric M. _eresearcher |
|
| 700 | 1 |
_aPepaƱo, Charlton S.J. _dURS Pililla Library _eresearcher |
|
| 856 |
_3Online Request for Student Unpublished Works _uhttps://forms.gle/7LqvGGkaDrUQqz429 |
||
| 856 | _uhttps://drive.google.com/file/d/1bZZI8ZVyv6aFHIVtqtaXfppsoFHczX2R/view?usp=sharing | ||
| 942 |
_2ddc _cT |
||
| 999 |
_c9200 _d9200 |
||